00542 2200193 4500001002100000005001500021035002000036007000300056008004100059020002200100082001000122084001600132100001700148245008600165250000600251260003400257300004400291650001300335INLIS00000000000422320260108095610 a0010-0126000038ta260108 0  a978-602-412-341-3 a923.5 a923.5 CHA d0 aChappy Hakim1 aDari Segera ke Angkasa :bDari Prajurit Udara ke Penulis dan Guru /cChappy Hakim a- aJakarta :bPT Gramedia,c2018 a428 hlm :bilustrasi berwarna, ;c23 cm 4aBiografi